书目信息 |
| 题名: |
摄影用光指南
|
|
| 作者: | 布鲁克斯 著 ;陈晓钟 译 | |
| 分册: | ||
| 出版信息: | 南京 江苏人民出版社 1994 |
|
| 页数: | 177页 | |
| 开本: | 19×17cm | |
| 丛书名: | 《光与影》摄影艺丛 | |
| 单 册: | ||
| 中图分类: | TB811 | |
| 科图分类: | 71.62 | |
| 主题词: | 照明技巧-摄影照明 , 摄影照明-照明技巧 | |
| 电子资源: | ||
| ISBN: | 7-214-01395-9 | |
| 000 | 00784nam2 2200265 45 | |
| 001 | 0197003856 | |
| 005 | 20070729100304.34 | |
| 010 | @a7-214-01395-9@z7-214-01394-9@dCNY19.60 | |
| 100 | @a19970304d1994 em y0chiy0121 ea | |
| 101 | 1 | @achi |
| 102 | @aCN@b320000 | |
| 105 | @af z 000yy | |
| 200 | 10 | @a摄影用光指南@Ashe ying yong guang zhi nan@f( )戴维·布鲁克斯著@g陈晓钟译 |
| 210 | @a南京@c江苏人民出版社@d1994@h1996 | |
| 215 | @a177页@c照片@d19×17cm | |
| 225 | 2 | @a《光与影》摄影艺丛 |
| 410 | 0 | @120010@a光与影摄影艺丛 |
| 606 | @a照明技巧-摄影照明 | |
| 606 | @a摄影照明-照明技巧 | |
| 690 | @aTB811@v3 | |
| 692 | @a71.62 | |
| 701 | 1 | @a布鲁克斯@Abu lu ke si@b戴维@4著 |
| 702 | 0 | @a陈晓钟@Achen xiao zhong@4译 |
| 801 | 0 | @aCN@bTSSF@c20070729 |
| 905 | @a10447@dTB811@e137 | |
| 摄影用光指南/( )戴维·布鲁克斯著/陈晓钟译.-南京:江苏人民出版社,1994(1996) |
| 177页:照片;19×17cm.-(《光与影》摄影艺丛) |
| ISBN 7-214-01395-9:CNY19.60 |
| ● |
| 相关链接 |
|
|
|
|
正题名:摄影用光指南
索取号:TB811/137
 
预约/预借
| 序号 | 登录号 | 条形码 | 馆藏地/架位号 | 状态 | 备注 |
| 1 | 0784679 | 207846795 | 第二样本阅览室/ [索取号:TB811/137] | 在馆 | |
| 2 | 0784680 | 207846802 | 第三借阅区/ [索取号:TB811/137] | 在馆 | |
| 3 | 0784831 | 207848310 | 第三借阅区/ [索取号:TB811/137] | 在馆 |